Justice ministry and temple administration in Tamilnadu / (Record no. 42468)

MARC details
000 -LEADER
fixed length control field 00837cam a22002294a 4500
005 - DATE AND TIME OF LATEST TRANSACTION
control field 20100818151427.0
010 ## - LCCN (DPL NO)
LC control number ENG-100827
020 ## - INTERNATIONAL STANDARD BOOK NUMBER
International Standard Book Number 8177355716
Terms of availability 45.00
035 ## - SYSTEM CONTROL NUMBER
System control number EN-84360
037 ## - SOURCE OF ACQUISITION
Source of stock number/acquisition DBAD / PUB
082 ## - DEWEY DECIMAL CLASSIFICATION NUMBER
Classification number 340.11
100 ## - MAIN ENTRY--PERSONAL NAME
Personal name Muthukumar, R.
245 ## - TITLE STATEMENT
Title Justice ministry and temple administration in Tamilnadu /
Statement of responsibility, etc by R. Muthukumar
260 ## - PUBLICATION, DISTRIBUTION, ETC. (IMPRINT)
Name of publisher, distributor, etc Pavai Publications
Date of publication, distribution, etc 2008
Place of publication, distribution, etc Chennai
270 ## - ADDRESS
Address 142, Johny John Khan Salai, Royappettah,
City Chennai
Postal code 600014
300 ## - PHYSICAL DESCRIPTION
Extent 95 p.
Dimensions 20cm (Pbk)
500 ## - GENERAL NOTE
General note Includes bibliographical references
650 ## - SUBJECT ADDED ENTRY--TOPICAL TERM
Topical term or geographic name as entry element Justice
Form subdivision Administration
942 ## - ADDED ENTRY ELEMENTS (KOHA)
Source of classification or shelving scheme Dewey Decimal Classification
Item type English Books
Call number suffix MUT
Classification part 340.11
Holdings
Withdrawn status Lost status Not for loan Collection code Home library Current library Date acquired Cost, normal purchase price Full call number Barcode Copy number Cost, replacement price Koha item type
    Not For Loan Non-fiction D.B.Act.Division D.B.Act.Division 18/08/2010 45.00 340.11 RMU EN-84360 1 45.00 English Books

© Delhi Public Library
Hit Counter
free hit counter